| 000 | 00610nam a2200193Ia 4500 | ||
|---|---|---|---|
| 003 | GCL | ||
| 008 | 140319s9999 xx 000 0 ara d | ||
| 040 |
_aGCL / _cGCL |
||
| 082 | 0 | 4 |
_aد _b050 _bد هـ |
| 245 | 1 | 0 | _aالهلال ابريل 2005 : الطيب صالح والهجرة الى الشمال |
| 260 |
_aالقاهرة : _bدار الهلال للطباعة والنشر ، _c2005 |
||
| 490 |
_a100 قصة _v0 |
||
| 650 | 0 | 4 | _aالحرية |
| 650 | 0 | 4 | _aتكنولوجيا |
| 650 | 0 | 4 | _aالانتحار |
| 650 | 0 | 4 | _aالدوريات |
| 650 | 0 | 4 | _aالرواية العربية |
| 942 |
_2ddc _cCR |
||
| 999 |
_c44535 _d44535 |
||